| 000 | 00633nam a2200205Ia 4500 | ||
|---|---|---|---|
| 001 | 5306 | ||
| 003 | GE_BSU | ||
| 008 | 181216s||||||||xx |||||||||||||| ||und|| | ||
| 040 | _cGE_BSU | ||
| 080 | _a517 | ||
| 100 | _aАндронов, И.К. | ||
| 245 | _aМатематика действительных и комплексных чисел. | ||
| 245 | _cПод ред. Н.М. Матвеева. | ||
| 260 | _aМосква | ||
| 260 | _bПросвещение | ||
| 260 | _c1975 | ||
| 300 | _a155 с. 72 см. | ||
| 653 | _aМатематика действительных и комплексных чисел. | ||
| 942 | _cBK | ||
| 999 |
_c38891 _d38891 |
||